000 00482nam a2200193Ia 4500
005 20240627021026.0
008 240331s9999 xx 000 0 und d
020 _a0415091276
082 _a123.5
_bPOL
245 0 _aPolitics of liberation
_bpaths from freire
260 _aLondon
_bRoutledge
_c1994
300 _a229 p .,
650 _aSociology
650 _aEducation
650 _aPolitics
700 _aMclaren, L peter
_eedt
700 _aLankshear, Colin
_eedt
942 _cL
999 _c709
_d709